Cargando...
Quest
| Publicado: |
Humanist review
|
|---|
| LEADER | 00231nam a22000857a 4500 | ||
|---|---|---|---|
| 245 | |a Quest | ||
| 260 | |b Humanist review | ||
| 942 | |c BV | ||
| 999 | |c 103283 |d 103283 | ||
| 952 | |0 0 |1 0 |4 0 |7 0 |9 97790 |a SSS |b SSS |c BV |d 2016-02-19 |l 0 |p SSSJ0798 |r 2016-02-19 |w 2016-02-19 |y BV | ||